El día de todos / (Registro nro. 7187)
[ vista simple ]
| 000 -LEADER | |
|---|---|
| fixed length control field | 00819nam a2200277 a 4500 |
| 001 - CONTROL NUMBER | |
| control field | 000022387 |
| 003 - CONTROL NUMBER IDENTIFIER | |
| control field | 000022387 |
| 005 - DATE AND TIME OF LATEST TRANSACTION | |
| control field | 20180221141253.0 |
| 008 - FIXED-LENGTH DATA ELEMENTS--GENERAL INFORMATION | |
| fixed length control field | 101007s2009 dr 000 f spa d |
| 020 ## - INTERNATIONAL STANDARD BOOK NUMBER | |
| International Standard Book Number | 9789945429152 |
| 040 ## - CATALOGING SOURCE | |
| Original cataloging agency | BPMSU |
| Language of cataloging | spa |
| Transcribing agency | BPMSU |
| 082 04 - DEWEY DECIMAL CLASSIFICATION NUMBER | |
| Classification number | RD863.44 |
| Item number | M632d |
| 100 1# - MAIN ENTRY--PERSONAL NAME | |
| Personal name | Mieses, Juan Carlos, |
| Dates associated with a name | 1947- |
| 245 13 - TITLE STATEMENT | |
| Title | El día de todos / |
| Statement of responsibility, etc. | Juan Carlos Mieses. |
| 260 ## - PUBLICATION, DISTRIBUTION, ETC. (IMPRINT) | |
| Place of publication, distribution, etc. | Santo Domingo : |
| Name of publisher, distributor, etc. | Grupo Santillana, |
| Date of publication, distribution, etc. | 2009. |
| 300 ## - PHYSICAL DESCRIPTION | |
| Extent | 168 p. ; |
| Dimensions | 23 cm. |
| 490 1# - SERIES STATEMENT | |
| Series statement | Alfaguara |
| 500 ## - GENERAL NOTE | |
| General note | Incluye datos biográficos del autor en la solapa |
| 650 #4 - SUBJECT ADDED ENTRY--TOPICAL TERM | |
| Topical term or geographic name as entry element | NOVELA DOMINICANA |
| 650 #4 - SUBJECT ADDED ENTRY--TOPICAL TERM | |
| Topical term or geographic name as entry element | LITERATURA DOMINICANA |
| 830 #0 - SERIES ADDED ENTRY--UNIFORM TITLE | |
| Name of part/section of a work | Alfaguara |
| 942 ## - ADDED ENTRY ELEMENTS (KOHA) | |
| Source of classification or shelving scheme | Dewey Decimal Classification |
| Koha item type | Libros |
| 945 ## - LOCAL PROCESSING INFORMATION (OCLC) | |
| a | Inventariado / 2017 VM |
| 956 ## - LOCAL ELECTRONIC LOCATION AND ACCESS (OCLC) | |
| Host name | VMATEO |
| Access number | 10 |
| Compression information | 20110207 |
| Logon | BPMSU |
| Processor of request | 0069 |
| 956 ## - LOCAL ELECTRONIC LOCATION AND ACCESS (OCLC) | |
| Host name | Validado. Control de calidad MFF |
| Withdrawn status | Lost status | Source of classification or shelving scheme | Damaged status | Not for loan | Collection code | Home library | Current library | Date acquired | Source of acquisition | Total Checkouts | Full call number | Barcode | Date last seen | Price effective from | Koha item type | Copy number |
|---|---|---|---|---|---|---|---|---|---|---|---|---|---|---|---|---|
| Dewey Decimal Classification | Colección Dominicana | Biblioteca Pública Metropolitana Salomé Ureña | Biblioteca Pública Metropolitana Salomé Ureña | 07/16/2014 | Alfaguara | RD863.44 M632d | BPMSU15040624 | 07/16/2014 | 07/16/2014 | Libros | ||||||
| Dewey Decimal Classification | Colección Dominicana | Biblioteca Pública Metropolitana Salomé Ureña | Biblioteca Pública Metropolitana Salomé Ureña | 07/16/2014 | Alfaguara | RD863.44 M632d | BPMSU15040625 | 07/16/2014 | 07/16/2014 | Libros | e. 2 | |||||
| Dewey Decimal Classification | Colección Dominicana | Biblioteca Pública Metropolitana Salomé Ureña | Biblioteca Pública Metropolitana Salomé Ureña | 07/16/2014 | Alfaguara | RD863.44 M632d | BPMSU15040626 | 07/16/2014 | 07/16/2014 | Libros | e. 3 |